000 00485nam a2200181Ia 4500
001 22903
005 20260414150901.0
008 260414t2018||||xx |||||||||||||| ||spa||
041 _aESP
082 _a624.17
_bO677
100 _aOrquin Casas, Juan Manuel
_eAUT
245 0 _aIngeniería estructural :
_bcálculo plástico, dinámico y sísmico de estructuras
260 _c2018
300 _a254 páginas :
_c24 cm.
650 _a0
654 _aCIC
942 _cLIB
_dJUS
_fJUS
_2ddc
_n
999 _c22903
_d22903